000 01474pab a2200193 454500
008 180718b2007 xxu||||| |||| 00| 0 eng d
100 _aBux, Shahid
245 _aMuslim youths, Islam and violent radicalisation: addressing some myths
260 _c2007
300 _ap.267-78.
520 _aSince the terrorist attack on 11 September 2001, it is generally accepted by many that the world confronts a new and qualitatively distinct type of security challenge from an equally 'new' kind of terrorism. While earlier instances of political violence by non-state actors were geographically constrained, and generally directed towards unambiguous political objectives, the new networks of terrorist violence function across a global dimensions whose goals are more dispersed. An example of this is to be found in the London attacks on 7 July 2005. Public and political discourse throughout the west often describes the 'new' problems of global political violence partly in terms ' radicalisation' process (es) among Muslim groups in different parts of the world. This article addresses the UK government response to the radicalisation phenomenon and shows how existing policies and measures have failed to gauge the complexity of the radicalisation process, and risk creating further community divisions. - Reproduced.
650 _aViolence
650 _aYouth
650 _aMoslems
650 _aPolice
773 _aPolice Journal
908 _aN
909 _a76968
999 _c76968
_d76968